000 00554nam a2200205Ia 4500
003 OSt
005 20200729102344.0
008 190216s9999||||xx |||||||||||||| ||und||
020 _a9780070850088
020 _a0070006571
040 _coclc
082 _a515.9
_bAHL/C
100 _aAhlfors, Lars V
_93832
245 0 _aComplex Analysis /
_c Lars V Ahlfors
250 _a3rd Ed.
260 _bMcgraw Hill Company,
_c1979.
_aTokyo:
300 _a331p
650 _aMathematics
942 _cBK
_2ddc
_h515.9
_iAHL/C
_k515.9
_mAHL/C
999 _c30592
_d30592